Columbus - Multiple Choice - Statistics

General Stats
  • This quiz has been taken 16 times
    14 since last reset
  • The average score is 11 of 15
Answer Stats
Question Answer % Correct
What country is British Columbia in? Canada
100%
Colombo is the biggest city of... Sri Lanka
100%
When did Christopher Columbus sail the ocean blue? 1492
92%
What is the Capital of Colombia? Bogota
92%
Which of these countries doesn't border Colombia? Chile
92%
Columbus is the capital city of... Ohio
92%
Columbia is the capital city of... South Carolina
92%
Which of these cities is in British Columbia? Vancouver
92%
Christopher Columbus is originally from... Italy
77%
The Columbia river is between... Washington and Oregon
77%
Which of these states doesn't have a Columbia or Columbus city? Arizona
62%
Where is Columbia Point? Falkland Islands
62%
Where is Columbia Bay? Alaska
15%
Which other state doesn't have a Columbia or Columbus city? Michigan
15%
And one more... New York
0%
No matching quizzes found
Score Distribution
Percent of People with Each Score
Percentile by Number Answered
Your Score History
You have not taken this quiz since the last reset